00499nam a22001457a 450000500170000000800410001702000180005804100120007608200150008810000600010324500850016326000530024830000270030165000250032820231024105358.0231024b |||||||| |||| 00| 0 eng d a9789991608075 aEnglish a347.1 IND  aThe Independence of the Judiciary in Namibia /lEnglish aThe Independence of the Judiciary in Namibia /cedited by Nico Horn & Anton Bosl aWindhoek : bMacmillan Education Namibia, c2008 b325 pages ; c24.7 cm. aLegal Practice bLaw